000 00628nai a2200181Ia 4500
003 IN-BaIIA
008 211028c9999 xx s 000 0 eng d
022 _a1610-1634 (Print)
022 _a1610-1642 (Online)
040 _cIIA Library
245 0 _aPhysica Status Solidi (c) : Current Topics In Solid State Physics
_h[eJournal]
260 _aNew Jersey
_bJohn Wiley & Sons
310 _aMonthly
362 _a0(1); 2003 - 14(12); 2017
521 _bSubscribed through National Knowledge Resource Consortium (NKRC)
856 _uhttps://onlinelibrary.wiley.com/journal/16101642
_yClick Here to Access eJournal
942 _cEJ
999 _c35520
_d35520